Analýza trhu kongresového a konferenčného cestovného ruchu SR so zreteľom na zahraničné trhové subjekty diplomová práca

Guardado en:
Detalles Bibliográficos
Autor principal: Dudeková, Alena, 1986-
Autor Corporativo: Obchodná fakulta EU. Katedra služieb a cestovného ruchu - zrušené
Otros Autores: Vančíková, Jana
Formato: Libro
Lenguaje:eslovaco
Publicado: Bratislava 2010
Etiquetas: Agregar Etiqueta
Sin Etiquetas, Sea el primero en etiquetar este registro!

MARC

LEADER 00000nam$a2200000$$$4500
001 0118506
005 20240318121757.0
041 0 |a slo 
044 |a SK 
245 1 0 |a Analýza trhu kongresového a konferenčného cestovného ruchu SR so zreteľom na zahraničné trhové subjekty  |b diplomová práca  |c Alena Dudeková ; škol. Jana Vančíková 
264 1 |a Bratislava  |c 2010 
300 |a 57 s. 
100 1 |a Dudeková, Alena, 1986- 
700 1 |a Vančíková, Jana 
710 2 |a Obchodná fakulta EU. Katedra služieb a cestovného ruchu - zrušené